000 00374nam a22001697a 4500
999 _c11516
_d11516
003 OSt
008 220906b ||||| |||| 00| 0 eng d
020 _a9789389811285
082 _a332.6019 CHB
100 _aCHANDRA,Prasanna
245 _aBehavioural Finance
250 _a2nd
260 _aNew Delhi
_bTMH
_c2020
300 _aMISC
650 _aMBA
942 _2ddc
_cBK